000 01137nam a22001937a 4500
003 JO-AjAnu
005 20240708135912.0
008 240707b jo ||||| |||| 00| 0 ara d
040 _aJO-AjAnu
_bara
_cJO-AjAnu
041 _hara
100 0 _aالمومني، انس رياض
_eمعد
_966029
245 1 _aدرجة استخدام معلمي غرف المصادر لمهارات التفكير البصري مع طلبة ذوي صعوبات التعلم في ضوء بعض المتغيرات = The Degree to which Resource Room Teachers Use Apply Visual Thinking Skills to Students with Learning Disabilties in Light of Some Variables /
_cإعداد انس رياض المومني ؛ اشراف ريم عبدالله الكناني
260 _c2024
300 _a88 ورقة
500 _aرسالة جامعية (اطروحة ماجستير) جامعة عجلون الوطنية ، كلية العلوم التربوية/تخصص صعوبات التعلم، 2024
650 _vصعوبات التعلم-الرسائل التعلمية
700 _aالكناني، ريم عبدالله
_eمشرف
_964923
942 _2lcc
_cTHS
_n0
999 _c33568
_d33568